1095 1581 1046 1514 1697 1619 1642 1192 1333 1796 1035 1091 1116 1078 1890 1110 1807 1236 1247 1468 1080 1894 1158 1073 1907 1789 1734 1709 1774 1324 1066 1649 1125 1725 1636 1316 1280 1439 1296 1930 1381 1144 1599 1964 1641 1036 1723 1581 1571 1221 1499 1922 1748 1217 1873 1246 1866 1368 1245 1837 1619 1594 1559 1191 1481 1336 1951 1760 1619 1743 1124 1745 1380 1454 1444 1512 1165 1405 1280 1855 1008 1742 1448 1658 1479 1558 1389 1594 1415 1394 1339 1922 1011 1229 1924 1053 1273 1892 1296 BCNSPRNW ULIB Ver.6.0+V

เปลี่ยนเป็นภาษาไทย

Change to English
 แสดงรายละเอียดบรรณานุกรม
  กลับหน้าหลัก

Brief Record : Get Marc (ISO 2709) : E-mail record : QR code < ปิดหน้าต่าง
LEADER : 00000nam 2200000uu 4500
001    13399112304
003     ULIB
008    110627s2551||||th 000 0 tha d
020    9789749906828
090    นว.^bล978ล
100 0  ไล่ ตง จิ้น
245 00 ไล่ตงจิ้น ลูกขอทาน ผู้ไม่ยอมแพ้ต่อชะตาชีวิต/^cไล่ ตง จิ้น
250    พิมพ์ครั้งที่ 35
260    กรุงเทพฯ :^bอินสปายร์,^c2551
300    248 หน้า
710 1  อินสปายร์
945    ^p165^l0^i021028
945    ^p165^l0^i027984
945    ^p0^l0^i001434
945    ^p0^l0^i001435
945    ^p0^l0^i001436
945    ^p0^l0^i001437
945    ^p0^l0^i001438
995    ทศพร
999 ^a ใช้งานได้ทุกระบบ
รายการนี้ยังไม่มีแท็ก
คุณยังไม่ได้ล็อกอิน คุณสามารถมีกิจกรรมร่วมกับเว็บไซต์ได้ แต่ต้องล็อกอินก่อน ::
  ล็อกอิน

รายการสื่อสารสนเทศ

ลำดับที่ ประเภท เลขเรียก/บาร์โค้ด สถานที่ สถานะ
1. วิทยาศาสตร์การแพทย์ และสุขภาพ
วิทยาศาสตร์การแพทย์ และสุขภาพ
นว. ล978ล ฉ.3 
  Barcode: 001434
ห้องสมุดวิทยาเขตนครสวรรค์
►นวนิยาย:l:Fiction
บนชั้น
2. วิทยาศาสตร์การแพทย์ และสุขภาพ
วิทยาศาสตร์การแพทย์ และสุขภาพ
นว. ล978ล ฉ.4 
  Barcode: 001435
ห้องสมุดวิทยาเขตนครสวรรค์
►นวนิยาย:l:Fiction
บนชั้น
3. วิทยาศาสตร์การแพทย์ และสุขภาพ
วิทยาศาสตร์การแพทย์ และสุขภาพ
นว. ล978ล ฉ.5 
  Barcode: 001436
ห้องสมุดวิทยาเขตนครสวรรค์
►นวนิยาย:l:Fiction
บนชั้น
4. วิทยาศาสตร์การแพทย์ และสุขภาพ
วิทยาศาสตร์การแพทย์ และสุขภาพ
นว. ล978ล ฉ.6 
  Barcode: 001437
ห้องสมุดวิทยาเขตนครสวรรค์
►นวนิยาย:l:Fiction
บนชั้น
5. วิทยาศาสตร์การแพทย์ และสุขภาพ
วิทยาศาสตร์การแพทย์ และสุขภาพ
นว. ล978ล ฉ.7 
  Barcode: 001438
ห้องสมุดวิทยาเขตนครสวรรค์
►นวนิยาย:l:Fiction
บนชั้น

BibComment


ยังไม่เคยถูกคอมเมนท์

คอมเมนท์ทรัพยากรรายการนี้
  คอมเมนท์: ไล่ตงจิ้น ลูกขอทา..


 Copyright 2026. Bcnsprnw @Library